Sports Quiz

Random Sports or College Quiz

2012 March Madness Quiz Stats

 Plays Quiz not verified by Sporcle

Challenge
Share
Tweet
Embed
Score 0/68 Timer 08:00
1 Play Today
Seeding Team % Correct
#1 SouthKentucky
96%
#2 SouthDuke
95.1%
#1 MidwestUNC
94.5%
#2 MidwestKansas
93.2%
#4 MidwestMichigan
92.4%
#7 WestFlorida
92.2%
#13 MidwestOhio
91.8%
#1 WestMichigan State
91.3%
#2 EastOhio State
90.1%
#1 EastSyracuse
89.6%
#4 SouthIndiana
85.6%
#3 EastFlorida State
85.2%
#2 WestMissouri
83.5%
#4 WestLouisville
83.3%
#3 SouthBaylor
81.4%
#4 EastWisconsin
80.3%
#11 EastTexas
78.6%
#9 SouthUConn
78.2%
#8 EastKansas State
78.2%
#3 MidwestGeorgetown
78.2%
#12 SouthVCU
72.9%
#10 SouthXavier
72.5%
#5 WestNew Mexico
72.5%
#12a MidwestCalifornia
71.3%
#8 SouthIowa State
71.2%
#6 EastCincinnati
71.2%
#10 WestVirginia
71%
#11 MidwestNC State
70.6%
#3 WestMarquette
70.4%
#11 SouthColorado
69.3%
#7 EastGonzaga
69.1%
#14a WestBYU
68.5%
#9 MidwestAlabama
68.1%
#6 SouthUNLV
67.4%
Seeding Team % Correct
#10 MidwestPurdue
67.2%
#5 EastVanderbilt
67%
#7 SouthNotre Dame
66.8%
#10 EastWest Virginia
66.4%
#12 EastHarvard
64.9%
#5 SouthWichita State
63.8%
#8 MidwestCreighton
63.6%
#8 WestMemphis
63.2%
#15 SouthLehigh
62.4%
#5 MidwestTemple
60.2%
#6 MidwestSan Diego State
58.6%
#13 SouthNew Mexico State
58.1%
#16b SouthWestern Kentucky
57.9%
#11 WestColorado State
57.1%
#6 WestMurray State
56.4%
#9 WestSaint Louis
56.4%
#15 WestNorfolk State
56.4%
#12b MidwestUSF
55.2%
#14b WestIona
54.1%
#7 MidwestSaint Marys
53.9%
#16b MidwestVermont
51.4%
#13 EastMontana
49.5%
#14 MidwestBelmont
48.2%
#14 SouthSouth Dakota State
47.6%
#13 WestDavidson
45%
#12 WestLong Beach State
44.6%
#16 EastUNC Asheville
43.3%
#15 MidwestDetroit
43.1%
#14 EastSaint Bonaventure
41.9%
#15 EastLoyola Maryland
37.4%
#16a MidwestLamar
36.2%
#9 EastSouthern Mississippi
35.7%
#16a SouthMississippi Valley State
34.3%
#16 WestLIU Brooklyn
33.6%

You're not logged in!

Compare scores with friends on all Sporcle quizzes.
Join for Free
OR
Log In

You Might Also Like...

Show Comments

Extras

Top Quizzes Today


Score Distribution

Your Account Isn't Verified!

In order to create a playlist on Sporcle, you need to verify the email address you used during registration. Go to your Sporcle Settings to finish the process.

Report this User

Report this user for behavior that violates our Community Guidelines.

Details: